书目信息 |
| 题名: |
现代老年人摄影技巧
|
|
| 作者: | 包文灿 编著 | |
| 分册: | ||
| 出版信息: | 上海 上海科学技术文献出版社 1999.11 |
|
| 页数: | 23页 | |
| 开本: | 24开 | |
| 丛书名: | ||
| 单 册: | ||
| 中图分类: | J413 | |
| 科图分类: | ||
| 主题词: | 摄影技术--普及读物 , 摄影艺术--各种 | |
| 电子资源: | ||
| ISBN: | 7-5439-1481-6 | |
| 000 | 00611nam0 2200205 45 | |
| 001 | 0112101473 | |
| 005 | 20031219104051.8 | |
| 010 | @a7-5439-1481-6@dCNY13.50 | |
| 100 | @a20011210d1999 km y0chiy0120 ea | |
| 101 | 0 | @achi |
| 105 | @aa z 000yy | |
| 200 | 1 | @a现代老年人摄影技巧@AXian Dai Lao Nian Ren She Ying Ji Qiao@f包文灿编著@FBao Wen Can Bian Zhu |
| 210 | @a上海@c上海科学技术文献出版社@d1999.11 | |
| 215 | @a23页@c图@d24开 | |
| 606 | 0 | @a摄影技术@x普及读物 |
| 606 | 0 | @a摄影艺术@x各种 |
| 690 | @aJ413@v4 | |
| 701 | 0 | @a包文灿@4编著 |
| 801 | @aCN@bTSTC@c20011210 | |
| 905 | @b301391-400@dJ413@e126@f10 | |
| 现代老年人摄影技巧/包文灿编著.-上海:上海科学技术文献出版社,1999.11 |
| 23页:图;24开 |
| ISBN 7-5439-1481-6:CNY13.50 |
| ● |
| 相关链接 |
|
|
|
|
正题名:现代老年人摄影技巧
索取号:J413/126
 
预约/预借
| 序号 | 登录号 | 条形码 | 馆藏地/架位号 | 状态 | 备注 |
| 1 | 0301391 | 203013915 | 第一借阅区/ [索取号:J413/126] | 在馆 | |
| 2 | 0301392 | 203013924 | 第一借阅区/ [索取号:J413/126] | 在馆 | |
| 3 | 0301393 | 203013933 | 第一借阅区/ [索取号:J413/126] | 在馆 | |
| 4 | 0301394 | 203013942 | 第一借阅区/ [索取号:J413/126] | 在馆 | |
| 5 | 0301395 | 203013951 | 第一借阅区/ [索取号:J413/126] | 在馆 | |
| 6 | 0301396 | 203013960 | 第一借阅区/ [索取号:J413/126] | 在馆 | |
| 7 | 0301397 | 203013979 | 第一借阅区/ [索取号:J413/126] | 在馆 | |
| 8 | 0301398 | 203013988 | 第一借阅区/ [索取号:J413/126] | 在馆 | |
| 9 | 0301399 | 203013997 | 第一借阅区/ [索取号:J413/126] | 在馆 | |
| 10 | 0301400 | 203014004 | 第一样本阅览室/ [索取号:J413/126] | 在馆 |